|
|
|
|
| LEADER |
01781cas a2200265 a 4500 |
| 001 |
AALejournalIMF009248 |
| 008 |
230101c9999 xx r poo 0 0eng d |
| 020 |
|
|
|c 5.00 USD
|
| 020 |
|
|
|z 9781451969931
|
| 022 |
|
|
|a 1934-7456
|
| 040 |
|
|
|a BD-DhAAL
|c BD-DhAAL
|
| 100 |
1 |
|
|a Reinhart, Carmen.
|
| 245 |
1 |
4 |
|a The Capital Inflows Problem :
|b Concepts and Issues /
|c Carmen Reinhart, Leonardo Leiderman, Guillermo Calvo.
|
| 264 |
|
1 |
|a Washington, D.C. :
|b International Monetary Fund,
|c 1993.
|
| 300 |
|
|
|a 1 online resource (37 pages)
|
| 490 |
1 |
|
|a IMF Policy Discussion Papers
|
| 500 |
|
|
|a <strong>Off-Campus Access:</strong> No User ID or Password Required
|
| 500 |
|
|
|a <strong>On-Campus Access:</strong> No User ID or Password Required
|
| 506 |
|
|
|a Electronic access restricted to authorized BRAC University faculty, staff and students
|
| 520 |
3 |
|
|a Since 1990 capital has started to move from industrial countries to developing regions like Latin America, the Middle East and parts of Asia. Reentry into international capital markets is a welcome turn of events for most countries. However, capital inflows are often associated with inflationary pressures, a real exchange rate appreciation, a deterioration in the current account, and a boom in bank lending. This paper briefly examines how these inflows have altered the macroeconomic environment in a number of Asian and Latin American countries. The pros and cons of a menu of policy options are discussed.
|
| 538 |
|
|
|a Mode of access: Internet
|
| 700 |
1 |
|
|a Calvo, Guillermo.
|
| 700 |
1 |
|
|a Leiderman, Leonardo.
|
| 830 |
|
0 |
|a IMF Policy Discussion Papers; Policy Discussion Paper ;
|v No. 1993/010
|
| 856 |
4 |
0 |
|z Full text available on IMF
|u http://elibrary.imf.org/view/journals/003/1993/010/003.1993.issue-010-en.xml
|z IMF e-Library
|